Wymień dziesięciu zawodników w fifie którzy grają dla Barcy - Statystyki

Ogólne statystyki
  • Ten quiz został rozwiązany 203 razy
  • Średni wynik to 4 z 15
Statystyki odpowiedzi
Odpowiedź % Poprawnych
Barca Messi
97%
Barca Pique
53%
Real Ramos
53%
Real Benzema
40%
Barca Alba
35%
Real Marcelo
35%
Real Varane
31%
PSG Angel Di maria
27%
Real Hazard
19%
Barca Roberto
18%
Barca Figo
9%
Real Figo
9%
Barca Puyol
3%
Barca Eto'o
1%
Real Zidane
0%
Nie znaleziono quizów pasujących do podanych kryteriów
Rozkład punktacji
Procent ludzi z każdym wynikiem
Percentyl według liczby udzielonych odpowiedzi
Twoja historia wyników
Nie rozwiązałeś tego quizu